000 00885nam a22001697a 4500
999 _c60908
_d60908
005 20231115165855.0
008 231115s1978 ru ||||| |||| 00| 0 rus d
041 _arus
080 _a903.43(479.22) Л-78
100 _aЛордкипанидзе, О. Д.
_920410
245 _aГород-храм Колхиды :
_b История археологических раскопок в Вани /
_cО. Лордкипанидзе; АН СССР, Ин-т востоковедения.
264 _aМосква :
_bНаука,
_c1978.
300 _a79 с. :
_b ил. ;
_c20 см.
440 _aПо следам исчезнувщих культур Востока
_920411
653 _aკოლხეთის ტაძრის ქალაქი: ვანის არქეოლოგიური გათხრების ისტორია
942 _2udc
_cᲬᲘᲒᲜᲘ